| 000 | 00473nam a2200193Ia 4500 | ||
|---|---|---|---|
| 003 | OSt | ||
| 005 | 20260218093003.0 | ||
| 008 | 210210b1961 xxu||||| |||| 00| 0 eng d | ||
| 040 | _cAL | ||
| 041 | _aEnglish | ||
| 082 | _a823.91 ULLT | ||
| 100 |
_aJames Ramsey Ullman _9255476 |
||
| 245 | _aThird man on the mountain. | ||
| 260 |
_aLondon. _bLaurel & Gold, Collins., _c1961 |
||
| 300 | _a256 | ||
| 690 |
_aEnglish Fiction _9255477 |
||
| 906 | _a031766 | ||
| 942 |
_2ddc _cBK |
||
| 999 |
_c82869 _d82869 |
||